000 00672nam a2200265Ia 4500
005 20260121165927.0
008 008 260114s9999 xx 000 0 eng d
020 _a9783319508023
037 _aEBOOK
040 _aCRL
040 _beng
040 _cCRL
041 _2eng
041 _aeng
084 _qCRL
100 _aIpek Demirsu
_91057700
245 0 _aCounter-terrorism and the Prospects of Human Rights
260 _bSpringer
260 _bSpringer
260 _c2017
856 _uhttps://link.springer.com/openurl?genre=book&isbn=978-3-319-50802-3
942 _cEBOOK
999 _c1623429
_d1623429